Vanuatuan Province Flags - Statistics

General Stats
  • This quiz has been taken 62 times
  • The average score is 6 of 6
Answer Stats
Picture Answer % Correct
Torba
100%
Penama
96%
Shefa
96%
Tafea
92%
Malampa
88%
Sanma
88%
No matching quizzes found
Score Distribution
Percent of People with Each Score
Percentile by Number Answered
Your Score History
You have not taken this quiz